| 000 | 01255nam a2200325 i 4500 | ||
|---|---|---|---|
| 001 | 186488 | ||
| 003 | SpMaBN | ||
| 005 | 20250928132659.0 | ||
| 008 | 161117s2009 sp ao |||| | spa d | ||
| 020 | _a978-84-612-8374-3 (ABAO-OLBE) | ||
| 020 | _a978-84-96515-83-3 (Fundación BBVA) | ||
| 080 | _a782.1 Verdi, Giuseppe.Trovatore | ||
| 080 | _a792.54(460.152 B.)(084) | ||
| 080 | _a62/69(460.152)(084) | ||
| 245 | 0 | 0 |
_aStride la vampa! / _c[fotografías de Mikel Alonso ; textos de Manuel Montero, Juan Ángel Vela del Campo y José Luis Téllez]. |
| 250 | _a1ª ed. | ||
| 260 |
_aBilbao : _bABAO-OLBE : _bFundación BBVA, _c2009. |
||
| 300 |
_a120 p. : _bprincipalmente il. col., fot. ; _c31 x 31 cm. |
||
| 594 | _aEn prelim.: "Proyecto Tutto Verdi" | ||
| 600 | 1 | 4 |
_aVerdi, Giuseppe, _d1813-1901 _9240500 |
| 650 | 7 |
_aÓpera- _vObras ilustradas. _9161285 |
|
| 650 | 7 |
_aIndustria- _zVizcaya- _vObras ilustradas. _9161286 |
|
| 700 | 1 |
_aAlonso, Mikel, _d1950- _9161284 |
|
| 700 | 1 |
_aMontero, Manuel, _d1955- _9152088 |
|
| 700 | 1 |
_aVela del Campo, Juan Angel. _9113685 |
|
| 700 | 1 |
_aTéllez, José Luis, _d1944- _9161287 |
|
| 710 | 2 |
_aFundación BBVA _94230 |
|
| 852 |
_aES-MaACL _jL-30833 _z- Enc. cart. |
||
| 999 |
_c186488 _d186488 |
||